| 000 | 00804nam a22002177a 4500 | ||
|---|---|---|---|
| 005 | 20220902173924.0 | ||
| 008 | 220901b |||||||| |||| 00| 0 eng d | ||
| 020 | _a1-86840-586-9 | ||
| 040 |
_aLadoV _cLadoV |
||
| 050 |
_a784.188.6 AF258a _b002913 |
||
| 074 | _a002913 | ||
| 082 |
_a784.188.6 _bAF258a |
||
| 110 | _aCentre for Creative | ||
| 245 |
_aAfrican Contemporary Dance?/ _bQuestions Issues of a Performance Aesthetic for a Depeloping and Independent Continent/ |
||
| 260 |
_aNigeria _bUniversity of KwaZulu-Natal _c2004 |
||
| 300 |
_a104p. _c30cm |
||
| 650 |
_2Tesauro de Arte & Arquitectura _aBAILE SOCIAL |
||
| 650 |
_2Tesauro de Arte & Arquitectura _aAFRICA |
||
| 650 |
_2Tesauro de Arte & Arquitectura _aCULTURA MATERIAL |
||
| 942 |
_2ddc _c1 _h784.188.6 AF258a _n0 |
||
| 999 |
_c1922 _d1922 |
||